000 00511nam a2200205Ia 4500
999 _c37720
_d37720
001 3695
003 GE_BSU
005 20221031105141.0
008 181216s2005az xx |||||||||||||| ||aze||
040 _cGE_BSU
041 _aaze
080 _a91(479.24)+55(479.24)A-30
100 _aAliyev,Vali
_915663
245 _aGamiqaya : Гямигая /
_cVali Aliyev.
264 _aBaki,
_c2005.
300 _a147 с. :
_b30 см.
653 _aGamiqaya.
653 _aგეოგრაფია
942 _cBK
_2udc